| 000 | 00562nam a22001817a 4500 | ||
|---|---|---|---|
| 003 | OSt | ||
| 005 | 20260624115539.0 | ||
| 008 | 260624b |||||||| |||| 00| 0 eng d | ||
| 020 | _a1571103104 | ||
| 040 | _cChuka University Library | ||
| 050 | _aLB 1573.7 .H37 2000 | ||
| 100 |
_aHarvey Stephanie _927917 |
||
| 245 | _aStrategies that work : Teaching comprehension to enhance understanding | ||
| 260 |
_aMarkham , Ontario _bPembroke limited _c2000 |
||
| 300 |
_avarious paging _billustrated |
||
| 650 |
_aStrategies that work _930991 |
||
| 942 |
_2lcc _cBK _n0 |
||
| 999 |
_c25120 _d25120 |
||